[Event "Chalkida Evoiki op 5th"]
[Site "Chalkida"]
[Date "2023.01.06"]
[Round "2"]
[White "Ergazakis, Ioannis"]
[Black "Tsotras, Ioannis"]
[Result "1-0"]
[WhiteElo "2196"]
[BlackElo "1648"]
[PlyCount "67"]
[EventDate "2023.01.05"]
[EventType "swiss"]
[EventRounds "7"]
[EventCountry "GRE"]
[SourceTitle "CBM 212 Extra"]
[Source "ChessBase"]
[SourceDate "2023.03.31"]
[SourceVersion "1"]
[SourceVersionDate "2023.03.31"]
[SourceQuality "1"]

1. Nf3 d5 2. g3 Bg4 3. Bg2 Nd7 4. h3 Bh5 5. c4 e6 6. cxd5 exd5 7. Qb3 Nc5 8. Qc2 Nf6 9. 0-0 Bd6 10. d3 0-0 11. Nc3 c6 12. e4 dxe4 13. dxe4 Bxf3 14. Bxf3 Qc7 15. Be3 Rfe8 16. Kg2 Nfd7 17. Rad1 Ne5 18. Be2 f6 19. b4 Ne6 20. Qb3 Kh8 21. f4 Nf7 22. Bh5 g6 23. Bg4 Ng7 24. Bd4 Qe7 25. b5 c5 26. Bg1 Rad8 27. Rfe1 Nh6 28. Bf3 Ne6 29. Nd5 Qf7 30. Qb2 Kg7 31. Re2 Bb8 32. Red2 b6 33. Be3 Ng8 34. Bg4 1-0

[Event "GRE-chT 45th"]
[Site "Achaia"]
[Date "2017.07.04"]
[Round "2.13"]
[White "Tsotras, Ioannis"]
[Black "Loutragotis, Paraskevas Pantelei"]
[Result "0-1"]
[WhiteElo "1477"]
[BlackElo "1823"]
[PlyCount "94"]
[EventDate "2017.07.03"]
[EventType "team-swiss"]
[EventRounds "7"]
[EventCountry "GRE"]
[SourceTitle "CBM 179 Extra"]
[Source "ChessBase"]
[SourceDate "2017.08.23"]
[SourceVersion "1"]
[SourceVersionDate "2017.08.23"]
[SourceQuality "1"]
[WhiteTeam "Evoiki HS"]
[BlackTeam "Glyfadas Zenon"]
[WhiteTeamCountry "GRE"]
[BlackTeamCountry "GRE"]

1. e4 c6 2. d4 d5 3. e5 Bf5 4. Bd3 Bxd3 5. Qxd3 e6 6. Nf3 Qa5+ 7. Bd2 Qa6 8. Qxa6 Nxa6 9. 0-0 c5 10. a3 Rc8 11. Nc3 Nb8 12. Be3 b6 13. Rac1 Nh6 14. Ne2 Nc6 15. Rfd1 Na5 16. Bxh6 gxh6 17. Nd2 Be7 18. c3 Kd7 19. Nf1 Nb3 20. Rc2 f6 21. Nc1 Na5 22. Re2 cxd4 23. cxd4 Rc6 24. Nd3 Rhc8 25. Ne3 f5 26. g3 Nb3 27. Nf4 Bg5 28. Nfg2 Rc1 29. f4 Nxd4 30. Rf2 Be7 31. b4 Rxd1+ 32. Nxd1 Rc1 33. Nge3 Nb5 34. Rc2 Ra1 35. Kg2 Nxa3 36. Rb2 b5 37. Nf2 Nc4 38. Nxc4 bxc4 39. g4 Ra3 40. gxf5 exf5 41. Rd2 Ke6 42. Nd1 Bxb4 43. Rc2 Rd3 44. Nf2 Rd2 45. Rc1 Bc5 46. Rf1 a5 47. Kg3 Rxf2 0-1

[Event "GRE-ch U12"]
[Site "Rio Achaia"]
[Date "2015.07.01"]
[Round "8.15"]
[White "Nteligiorgis, Eleftherios"]
[Black "Tsotras, Ioannis"]
[Result "1-0"]
[WhiteElo "1084"]
[BlackElo "1153"]
[PlyCount "59"]
[EventDate "2015.06.26"]
[EventType "swiss"]
[EventRounds "9"]
[EventCountry "GRE"]
[SourceTitle "EXT 2024"]
[Source "ChessBase"]
[SourceDate "2023.10.10"]
[SourceVersion "1"]
[SourceVersionDate "2023.10.10"]
[SourceQuality "1"]

1. e4 e5 2. Nf3 Nc6 3. d4 exd4 4. Nxd4 Bc5 5. Nb3 Bb6 6. Nc3 Nge7 7. Qe2 d6 8. Be3 Be6 9. 0-0-0 0-0 10. g3 a5 11. Bxb6 cxb6 12. Nd4 Nxd4 13. Rxd4 Nc6 14. Rd2 f5 15. f4 fxe4 16. Bg2 Re8 17. Rhd1 Qc8 18. Qe3 Bg4 19. Re1 Qd8 20. Bxe4 Kh8 21. Qd3 Re6 22. Rh1 Rb8 23. h3 Nb4 24. Qb5 Rh6 25. hxg4 Rxh1+ 26. Bxh1 Qe7 27. Re2 Qf7 28. a3 Qg6 29. axb4 Qxg4 30. Re8+ 1-0

[Event "GRE-ch U12"]
[Site "Rio Achaia"]
[Date "2015.06.29"]
[Round "6.15"]
[White "Goutis, Panagiotis"]
[Black "Tsotras, Ioannis"]
[Result "0-1"]
[WhiteElo "1453"]
[BlackElo "1153"]
[PlyCount "48"]
[EventDate "2015.06.26"]
[EventType "swiss"]
[EventRounds "9"]
[EventCountry "GRE"]
[SourceTitle "EXT 2024"]
[Source "ChessBase"]
[SourceDate "2023.10.10"]
[SourceVersion "1"]
[SourceVersionDate "2023.10.10"]
[SourceQuality "1"]

1. e4 e5 2. Nf3 Nc6 3. d4 exd4 4. Nxd4 Bc5 5. Nb3 Bb6 6. Nc3 Nge7 7. Qe2 d6 8. Be3 Be6 9. 0-0-0 0-0 10. f3 a5 11. a4 f5 12. Bxb6 cxb6 13. exf5 Bxf5 14. g4 Bc8 15. Nb5 d5 16. Bg2 Ng6 17. Kb1 Nf4 18. Qf2 Qf6 19. Rhf1 Be6 20. Bh1 Rac8 21. Qxb6 Nb4 22. Nc3 Nxc2 23. Qf2 Nb4 24. Ka1 Nfd3 0-1